000 00428nam a2200181 i 4500
001 bg
100 1 _aBańka, Józef
_d(1934- ).
245 0 _aHumanizacja techniki :
_bgłówne kierunki eutyfroniki /
_cJózef Bańka.
260 _aKatowice,
_c1976.
040 _cBPK
041 _apol
080 _a62
080 _a316
080 _a613.8
080 _a159.9
942 _cKS
008 s pl f |000 0 pol
999 _c16902
_d16902
856 _uhttp://koha.tu.koszalin.pl/cgi-bin/koha/opac-detail.pl?biblionumber=16902
_yKatalog online BPK